Jesus' seven last words / (Record no. 356595)
[ view plain ]
| 000 -LEADER | |
|---|---|
| fixed length control field | 00495nam a2200193Ia 4500 |
| 008 - FIXED-LENGTH DATA ELEMENTS--GENERAL INFORMATION | |
| fixed length control field | 180523s9999 xx 000 0 und d |
| 020 ## - INTERNATIONAL STANDARD BOOK NUMBER | |
| International Standard Book Number | 971-822-003-8 |
| 050 ## - LIBRARY OF CONGRESS CALL NUMBER | |
| Classification number | MAIN BT 456 |
| 050 ## - LIBRARY OF CONGRESS CALL NUMBER | |
| Item number | .W54 1981 |
| 100 ## - MAIN ENTRY--PERSONAL NAME | |
| Personal name | Wiersbe, Warren W. |
| 245 #0 - TITLE STATEMENT | |
| Title | Jesus' seven last words / |
| 245 #0 - TITLE STATEMENT | |
| Statement of responsibility, etc | Warren W. Wiersbe |
| 260 ## - PUBLICATION, DISTRIBUTION, ETC. (IMPRINT) | |
| Place of publication, distribution, etc | Quezon City, PH : |
| 260 ## - PUBLICATION, DISTRIBUTION, ETC. (IMPRINT) | |
| Name of publisher, distributor, etc | Back to the Bible, |
| 260 ## - PUBLICATION, DISTRIBUTION, ETC. (IMPRINT) | |
| Date of publication, distribution, etc | 1981 |
| 300 ## - PHYSICAL DESCRIPTION | |
| Extent | 72 pages : |
| 300 ## - PHYSICAL DESCRIPTION | |
| Dimensions | 19 cm. |
| 650 ## - SUBJECT ADDED ENTRY--TOPICAL TERM | |
| Topical term or geographic name as entry element | Jesus Christ -- Seven last words. |
| Withdrawn status | Lost status | Damaged status | Home library | Current library | Shelving location | Date acquired | Cost, normal purchase price | Total Checkouts | Full call number | Barcode | Date last seen | Price effective from | Koha item type |
|---|---|---|---|---|---|---|---|---|---|---|---|---|---|
| South Mansfield College | South Mansfield College | 03/07/2005 | 55.00 | MAIN BT 456 .W54 1981 | SMC01628 | 05/23/2018 | 05/23/2018 |